<?xml version="1.0" encoding="UTF-8"?><?xml-stylesheet type="text/xsl" href="static/style.xsl"?><OAI-PMH xmlns="http://www.openarchives.org/OAI/2.0/" xmlns:xsi="http://www.w3.org/2001/XMLSchema-instance" xsi:schemaLocation="http://www.openarchives.org/OAI/2.0/ http://www.openarchives.org/OAI/2.0/OAI-PMH.xsd"><responseDate>2026-04-13T01:05:27Z</responseDate><request verb="GetRecord" identifier="oai:www.recercat.cat:2072/481351" metadataPrefix="marc">https://recercat.cat/oai/request</request><GetRecord><record><header><identifier>oai:recercat.cat:2072/481351</identifier><datestamp>2025-08-31T17:52:17Z</datestamp><setSpec>com_2072_98</setSpec><setSpec>col_2072_378192</setSpec></header><metadata><record xmlns="http://www.loc.gov/MARC21/slim" xmlns:dcterms="http://purl.org/dc/terms/" xmlns:xsi="http://www.w3.org/2001/XMLSchema-instance" xmlns:doc="http://www.lyncode.com/xoai" xsi:schemaLocation="http://www.loc.gov/MARC21/slim http://www.loc.gov/standards/marcxml/schema/MARC21slim.xsd">
   <leader>00925njm 22002777a 4500</leader>
   <datafield ind2=" " ind1=" " tag="042">
      <subfield code="a">dc</subfield>
   </datafield>
   <datafield ind2=" " ind1=" " tag="720">
      <subfield code="a">Gifreu, Judith</subfield>
      <subfield code="e">author</subfield>
   </datafield>
   <datafield ind2=" " ind1=" " tag="260">
      <subfield code="c">2020</subfield>
   </datafield>
   <datafield ind2=" " ind1=" " tag="260">
      <subfield code="c">info:eu-repo/date/embargoEnd/2026-01-31</subfield>
   </datafield>
   <datafield ind2=" " ind1=" " tag="520">
      <subfield code="a">La entrada en vigor del Real Decreto 463/2020, de 14 de marzo, por el que se declara el estado de alarma para la gestión de la situación de crisis sanitaria ocasionada por el COVID-19, así como sus sucesivas prórrogas, han obligado a los poderes públicos a adoptar una serie de medidas excepcionales tanto en el ámbito sanitario como, por derivación, en otras esferas -económica, jurídica, laboral, social o de seguridad-, viéndose asimismo afectado el sector de la vivienda. Ya antes de sufrir esta pandemia, nos encontrábamos en un contexto general de emergencia habitacional que requería actuaciones transversales y urgentes por parte de las diferentes administraciones competentes a fin de incrementar la oferta de vivienda social y asequible, debido a la creciente vulnerabilidad económica y social existente. Dicha situación ha empeorado como consecuencia de circunstancias sobrevenidas debidas al coronavirus, lo que ha llevado a lanzar medidas específicas para el mercado de la vivienda, muy especialmente el de la vivienda en alquiler, a fin de contribuir al mantenimiento de los hogares de aquellas familias que, a priori, no formaban parte de colectivos vulnerables.</subfield>
   </datafield>
   <datafield tag="653" ind2=" " ind1=" ">
      <subfield code="a">Vivienda</subfield>
   </datafield>
   <datafield tag="653" ind2=" " ind1=" ">
      <subfield code="a">Covid 19</subfield>
   </datafield>
   <datafield tag="653" ind2=" " ind1=" ">
      <subfield code="a">Ayudas al alquiler</subfield>
   </datafield>
   <datafield tag="653" ind2=" " ind1=" ">
      <subfield code="a">Moratoria de la deuda arrendaticia</subfield>
   </datafield>
   <datafield tag="653" ind2=" " ind1=" ">
      <subfield code="a">Contratación pública en vivienda</subfield>
   </datafield>
   <datafield ind2="0" ind1="0" tag="245">
      <subfield code="a">La vivienda en tiempos del COVID-19 : ¿Nuevas vulnerabilidades sociales? Del impacto inicial a los retos de futuro</subfield>
   </datafield>
</record></metadata></record></GetRecord></OAI-PMH>